Histoire des cafés de Paris / (Record no. 64905)

MARC details
000 -LEADER
campo de control de longitud fija 00527nam a2200181 i 4500
001 - NÚMERO DE CONTROL
campo de control 64905
003 - IDENTIFICADOR DE NÚMERO DE CONTROL
campo de control ES-MaACL
005 - FECHA Y HORA DE LA ÚLTIMA TRANSACCIÓN
campo de control 20230906165241.0
007 - CAMPO FIJO DE DESCRIPCIÓN FÍSICA--INFORMACIÓN GENERAL
campo de control de longitud fija t|
008 - DATOS DE LONGITUD FIJA--INFORMACIÓN GENERAL
campo de control de longitud fija 040107s1934 fr f |||| | fre d
080 ## - NÚMERO DE LA CLASIFICACIÓN DECIMAL UNIVERSAL
Número de la Clasificación Decimal Universal 640.43(443.61 P.)(091)
100 1# - ENTRADA PRINCIPAL--NOMBRE DE PERSONA
Nombre de persona Fosca, François.
9 (RLIN) 51889
245 10 - MENCIÓN DEL TÍTULO
Título Histoire des cafés de Paris /
Mención de responsabilidad, etc. par François Fosca.
260 ## - PUBLICACIÓN, DISTRIBUCIÓN, ETC.
Lugar de publicación, distribución, etc. Paris :
Nombre del editor, distribuidor, etc. [s.n.],
Fecha de publicación, distribución, etc. 1934 (
Lugar de fabricación/manufactura Mesnil :
Fabricante Firmin Didot)
300 ## - DESCRIPCIÓN FÍSICA
Extensión 215 p., 12 lám. ;
Dimensiones 19 cm.
650 04 - PUNTO DE ACCESO ADICIONAL DE MATERIA--TÉRMINO DE MATERIA
Término de materia o nombre geográfico como elemento de entrada Cafés-
Subdivisión geográfica París.
9 (RLIN) 10662
852 ## - LOCALIZACIÓN
Ubicación ES-MaACL
Número de control de estantería A-3626
Holdings
Estatus retirado Estado de pérdida Estado de daño No para préstamo Biblioteca de origen Biblioteca actual Ubicación en estantería Fecha de adquisición Fuente de adquisición Total de préstamos Signatura topográfica completa Código de barras Visto por última vez Precio de reemplazo Tipo de ítem Koha
        Biblioteca del Ateneo de Madrid Biblioteca del Ateneo de Madrid Sala Pecera Planta 1 17/01/2008     A-3626 1068008 23/02/2023 23/02/2023 Libro impreso